=LDR 00000nam 2200000 4500 =001 INLIS000000000036805 =005 20130612142553 =008 ***********************************Ind** =035 ##$$0010-061300000036805 =041 ##$$a Ind =082 ##$$a 374.4 =090 ##$$a 374.4, Ali k =100 ##$$a Alifuddin, Moh =245 ##$$a Kebijakan pendidikan non formal, teori aplikasi dan implikasinya, Dr H. Moh Alifuddin, MM =260 ##$$a 2011 $b Jakarta =300 ##$$a xiii, 109 hlm, ilus, 23 cm =650 ##$$a Kursus tertulis =850 ##$$a NBPNMAT =990 ##$$a 90430/BPAP-NTB/2014 =990 ##$$a 21400613/BPAP-NTB/20142014 =990 ##$$a 0001/BPAP-NTB/2015 =990 ##$$a 0001/BPAP-NTB/2015 =990 ##$$a 90430/BPAP-NTB/2014 =990 ##$$a 21400613/BPAP-NTB/20142014